| 000 | 00814nam a2200241Ia 4500 | ||
|---|---|---|---|
| 003 | GCL | ||
| 008 | 140319s9999 xx 000 0 ara d | ||
| 020 | _a5975919977 | ||
| 040 |
_aGCL / _cGCL |
||
| 082 | 0 | 4 |
_a649.1 _bب ث |
| 100 | 1 | _aبومبيخ، تشارلين ان | |
| 245 | 1 | 0 |
_a365طريقة للاتصال مع اطفالك باختلاف اعمارهم او عمرك / _cبومبيخ، تشارلين ان |
| 700 | 1 | _aمحمد امين | |
| 700 | 1 | _aشويكار زكى | |
| 250 | _aالاولى | ||
| 260 |
_aالقاهرة : _bمجموعة النيل العربية ، _c2004 |
||
| 300 |
_a266 ص ؛ _c24 سم |
||
| 650 | 0 | 4 | _aالاطفال |
| 650 | 0 | 4 | _aالامهات والابناء |
| 650 | 0 | 4 | _aالاطفال - رعاية |
| 650 | 0 | 4 | _aالاطفال - تربية |
| 942 |
_2ddc _cBK |
||
| 999 |
_c6097 _d6097 |
||